000
00439nam a2200157Ia 4500
008
100122s9999 xx 000 0 und d
082
_b
75141
_a
920
100
_a
मुळे ज्ञानेश्वर
245
_a
नोकरशाईचे रंग
250
_a
1
260
_c
2009
300
_a
286
630
_a
नोकरशाईचे रंग
730
_a
नोकरशाईचे रंग
942
_c
BOOK
999
_c
391194
_d
391191